La traición de Rita Hayworth /

La primera novela de Manuel Puig es contundente e inquietante. Un chico que encuentra en las películas que pasa el cine del pueblo un refugio que, a la vez, es una ventana al mundo exterior. Relato de la vida de una ciudad del interior de la provincia de Buenos Aires durante los años 30 y 40, la his...

Descripción completa

Guardado en:
Autor Principal: Puig, Manuel.
Otros Autores: Pop, Bob; prol.
Formato: Libro
Idioma:Undetermined
Publicado: Buenos Aires : Seix Barral, 2023.
Edición:1a ed.
Series:Identidades bonaerenses
Materias:
Etiquetas: Agregar Etiqueta
Sin Etiquetas, Sea el primero en etiquetar este registro!
LEADER 01636nam a22002775a 4500
001 CEM.cems024788
008 250710s2023####ag############000#0#und#d
005 20250818082608.0
245 1 0 |a La traición de Rita Hayworth /  |c Manuel Puig ; prólogo de Bob Pop. 
250 |a 1a ed. 
260 |a Buenos Aires :  |b Seix Barral,  |c 2023. 
300 |a 318 p. 
490 1 |a Identidades bonaerenses 
500 |a Edición especial de la Dirección de Cultura y Educación de la Provincia de Buenos Aires. 
500 |a Sugerencia de edad: a partir de ciclo orientado. Requiere acompañamiento docente. 
520 |a La primera novela de Manuel Puig es contundente e inquietante. Un chico que encuentra en las películas que pasa el cine del pueblo un refugio que, a la vez, es una ventana al mundo exterior. Relato de la vida de una ciudad del interior de la provincia de Buenos Aires durante los años 30 y 40, la historia nos lleva a reflexionar sobre el papel de un medio de comunicación y entretenimiento como el cine influye en nuestra imaginación, en nuestra idea de futuro y aporta formas e imágenes a nuestra educación sentimental. 
020 |a 9789878979908 
100 1 |a Puig, Manuel. 
700 1 |a Pop, Bob; prol. 
653 |a Narrativa argentina 
653 |a Literatura argentina 
653 |a Identidades bonaerenses 
859 |a CEMS  |b BIB. CEMS - Agricultura  |h A863.4  |i P964  |p A3939.25  |t Ej.1 
859 |a CEMS  |b BIB. CEMS - Ccias. Educacion  |h A863.4  |i P964-4  |k CE  |p 30072.25  |t Ej.1 
859 |a CEMS  |b BIB. CEMS - 11 de abril  |h A863.4  |i P964-4a1  |p 30070.25  |t Ej.1 
859 |a CEMS  |b BIB. CEMS - 11 de abril  |h A863.4  |i P964-4a1  |p 30071.25  |t Ej.2